000 00568nam a2200181 i 4500
001 74115
003 ES-MaACL
005 20251120142244.0
007 t|
008 040915s1926 cu ||||1| spa d
100 1 _aGonzález Díaz, Francisco.
_958598
245 1 3 _aUn canario en Cuba /
_cFrancisco González Díaz ; prólogo de José Ortega Munilla.
260 _aLa Habana :
_b[s.n.,
_c1926] (
_fLa Prueba)
300 _aXII, 348, 102 p. ;
_c20 cm.
700 1 _aOrtega Munilla, José,
_d1856-1922
_987477
852 _aES-MaACL
_jF-1160
999 _c74115
_d74115